| 000 | 00519nam a22001937a 4500 | ||
|---|---|---|---|
| 005 | 20260512114248.0 | ||
| 008 | 260512b |||||||| |||| 00| 0 eng d | ||
| 037 | _cDSWL | ||
| 040 |
_aDSWL _cDSWL |
||
| 041 | _heng | ||
| 084 | _aY:f Q6 | ||
| 100 |
_aPhanse, Sameer _91239085 |
||
| 245 | _aResearch methodology | ||
| 260 |
_aNew Delhi, _bOxford University Press, _c2016 |
||
| 300 | _a727p | ||
| 365 |
_aINR _b1345 |
||
| 942 |
_2CC _cTEXL _hY:f Q6 _n0 |
||
| 999 |
_c1851221 _d1851221 |
||